Stranger things: (Record no. 47886)
| 000 -LEADER | |
|---|---|
| fixed length control field | 00390nam a2200121 4500 |
| 020 ## - INTERNATIONAL STANDARD BOOK NUMBER | |
| International Standard Book Number | 9781506725543 |
| 245 ## - TITLE STATEMENT | |
| Title | Stranger things: |
| Remainder of title | tomb of Ybwen / |
| Statement of responsibility, etc | Greg Pak and others. |
| 260 ## - PUBLICATION, DISTRIBUTION, ETC. (IMPRINT) | |
| Place of publication, distribution, etc | Oregon: |
| Name of publisher, distributor, etc | Dark Horse Books; |
| Date of publication, distribution, etc | 2022. |
| 300 ## - PHYSICAL DESCRIPTION | |
| Extent | unpaged. |
| Other physical details | col. ill. |
| Dimensions | 25 cm. |
| 490 ## - SERIES STATEMENT | |
| Series statement | Stranger things; |
| 650 ## - SUBJECT ADDED ENTRY--TOPICAL TERM | |
| Topical term or geographic name as entry element | Friendship. Supernatural events. |
| Form subdivision | Graphic novels. |
| 9 (RLIN) | 85694 |
| 942 ## - ADDED ENTRY ELEMENTS (KOHA) | |
| Source of classification or shelving scheme | |
| Koha item type | Books/GRAPHICS |
| Withdrawn status | Lost status | Source of classification or shelving scheme | Damaged status | Not for loan | Collection code | Home library | Current library | Date acquired | Total Checkouts | Full call number | Barcode | Date last seen | Date checked out | Price effective from | Koha item type |
|---|---|---|---|---|---|---|---|---|---|---|---|---|---|---|---|
| SECONDARY | Asian Hope Secondary Library | Asian Hope Secondary Library | 11/20/2024 | 15 | YA GRAPHIX PAK | 206646 | 03/05/2026 | 02/26/2026 | 11/20/2024 | Books/GRAPHICS |